| Поле | Инд. | ПП | Название | Значение |
|---|---|---|---|---|
| Тип записи | a | |||
| Библиографический уровень | b | |||
| 001 | Контрольный номер | RU/IS/BASE/103734406 | ||
| 005 | Дата корректировки | 20200522190756.5 | ||
| 084 | a | Индекс другой классификации/Индекс ББК | 65.263 | |
| 100 | 1_ | a | Автор | Лепешкина М. |
| q | Полное имя | Лепешкина Марина | ||
| 245 | a | Заглавие | Инвестиционные риски | |
| 500 | a | Примечание | Окончание. Начало в № 4, 2002 | |
| 504 | a | Библиография | Лит. в конце статьи | |
| 520 | a | Аннотация | Понятийный аппарат, классификация по признакам и особенностям, ранжирование, методы количественного анализа и управления. | |
| 650 | a | Основная рубрика | инвестиции | |
| a | Основная рубрика | финансы | ||
| a | Основная рубрика | экономика | ||
| 653 | a | Ключевые слова | имитационное моделирование | |
| a | Ключевые слова | инвестиционные проекты | ||
| a | Ключевые слова | инвестиционные риски | ||
| a | Ключевые слова | количественный анализ | ||
| a | Ключевые слова | метод достоверных эквивалентов | ||
| a | Ключевые слова | метод корректировки нормы дисконта | ||
| a | Ключевые слова | метод сценариев | ||
| a | Ключевые слова | методы анализа риска | ||
| a | Ключевые слова | риск-анализ инвестиционных проектов | ||
| a | Ключевые слова | риски инвестиционых проектов | ||
| a | Ключевые слова | управление рисками (риск-менеджмент) | ||
| a | Ключевые слова | управление финансами (финансовый менеджмент) | ||
| 773 | t | Заглавие источника | РИСК: ресурсы, информация, снабжение, конкуренция | |
| d | Дата издания источника | 2003 | ||
| g | Прочая информация | № 1. - С. 65 - 71 : табл., экон. расчет. | ||
| w | Контрольный № источника | RU/IS/BASE/102175616 | ||
| 901 | t | Тип документа | b |